5HLuxD.jpg

KING HENRY VIII SENIOR AND PRIMARY SCHOOL LIBRARY OPAC

Plant Variant and Classification (Record no. 4031)

000 -LEADER
fixed length control field 01079nam a22002657a 4500
005 - DATE AND TIME OF LATEST TRANSACTION
control field 20250107111605.0
008 - FIXED-LENGTH DATA ELEMENTS--GENERAL INFORMATION
fixed length control field 250107b ||||| |||| 00| 0 eng d
020 ## - INTERNATIONAL STANDARD BOOK NUMBER
International Standard Book Number 978-0-7502-9655-7
020 ## - INTERNATIONAL STANDARD BOOK NUMBER
International Standard Book Number 0750296557
040 ## - CATALOGING SOURCE
Transcribing agency KH8
Modifying agency KH8
041 ## - LANGUAGE CODE
Language code of original English
082 ## - DEWEY DECIMAL CLASSIFICATION NUMBER
Classification number 581 Bal
100 ## - MAIN ENTRY--PERSONAL NAME
Personal name Ballard,Carol
Relator term Author
Dates associated with a name 2015
245 ## - TITLE STATEMENT
Title Plant Variant and Classification
Remainder of title Living Processes
Statement of responsibility, etc. Carol Ballard
250 ## - EDITION STATEMENT
Edition statement sixth Edition
260 ## - PUBLICATION, DISTRIBUTION, ETC.
Place of publication, distribution, etc. London
Name of publisher, distributor, etc. Wayland 2015
Date of publication, distribution, etc. 2015
300 ## - PHYSICAL DESCRIPTION
Extent 46 pages
Other physical details Colour illustration
Dimensions 15cm
500 ## - GENERAL NOTE
General note Fieldwork investigations show you how to classify plants in your area<br/>Fascinating facts<br/>An activity project<br/>
520 ## - SUMMARY, ETC.
Summary, etc. Plant variation and classification explains how our plant classification system works and looks at how scientist use it to identify group species.
521 ## - TARGET AUDIENCE NOTE
Target audience note Year 3-Year 6
546 ## - LANGUAGE NOTE
Language note English
650 ## - SUBJECT ADDED ENTRY--TOPICAL TERM
Source of heading or term Botany ( Plant variation and Classification)
Topical term or geographic name entry element Plant variation and Classification
Topical term following geographic name entry element Plant variation and Classification
Relator term Illustrator
700 ## - ADDED ENTRY--PERSONAL NAME
Personal name Ward,Geoff
Relator term Illustrator
942 ## - ADDED ENTRY ELEMENTS (KOHA)
Source of classification or shelving scheme
Koha item type Books - Non Ficton

No items available.

Powered By KH8 IT Dept